| 000 | 01252nam a2200397 c 4500 | ||
|---|---|---|---|
| 001 | 47219 | ||
| 003 | ES-MaCES | ||
| 005 | 20160322122848.0 | ||
| 008 | 000000s2016 sp | ||| |00 0 spa | ||
| 017 |
_aM 4599-2016 _bDL |
||
| 020 | _a9788445432082 | ||
| 040 |
_aES-MaCES _bspa _cES-MaCES |
||
| 100 | 1 |
_aCabero Almenara, Julio _98601 |
|
| 245 | 1 | 0 |
_aTendencias educativas para el Siglo XXI _cJulio Cabero Almenara |
| 260 |
_a[Madrid] _bCentro de Estudios Financieros _c[2016] |
||
| 300 |
_a222 p. _c24 cm |
||
| 500 | _aEn port..: Udima, Universidad a Distancia de Madrid | ||
| 500 | _aÍndices | ||
| 504 | _aBibliografía | ||
| 541 | _cCompra | ||
| 650 | 4 |
_atecnología de la información _930104 |
|
| 650 | 4 |
_anuevas tecnologías _930788 |
|
| 650 | 4 |
_aeducación _927367 |
|
| 650 | 4 |
_aformación _927392 |
|
| 650 | 4 |
_aaprendizaje _927362 |
|
| 650 | 4 |
_apersonal docente _929286 |
|
| 650 | 4 |
_aalumno _927439 |
|
| 650 | 4 |
_aevaluación del impacto _930732 |
|
| 650 | 4 |
_acambio social _927286 |
|
| 650 | 4 |
_adesigualdad social _930789 |
|
| 653 | 1 | 0 | _aEducación |
| 710 | 2 |
_91870 _aCentro de Estudios Financieros (Madrid) _eed. |
|
| 710 | 2 |
_936557 _aUniversidad a Distancia de Madrid |
|
| 902 | _aLIB Libro | ||
| 942 |
_2CES _cBK _h4.0. |
||
| 999 |
_c47219 _d47219 |
||